| 000 | 01001nas a2200325 4500 | ||
|---|---|---|---|
| 001 | BR2022000978 | ||
| 003 | BR-BrBNA | ||
| 005 | 20231205132328.0 | ||
| 007 | ta | ||
| 008 | 230509b bl.|||p| |||| 00| 00por d | ||
| 040 |
_aBR-BrBNA _bpor _cBiblioteca Nacional de Agricultura |
||
| 041 | _a(En) | ||
| 072 | _aH60; F62 | ||
| 100 | 1 | _aZohaib, A. | |
| 100 | 1 | _aAnjum, S.A. | |
| 100 | 1 | _aJabbar, A. | |
| 100 | 1 | _aTabassum, T. | |
| 100 | 1 | _aAbbas, T. | |
| 100 | 1 | _aNazir, U. | |
| 245 | 1 | _aAllelopathic effect of leguminous weeds on rate, synchronization and time of germination, and biomass partitioning in rice | |
| 650 | _aALELOPATIA | ||
| 650 | _aERVA DANINHA | ||
| 650 | _aARROZ | ||
| 650 | _aGERMINAÇÃO | ||
| 650 | _aBIOMASSA | ||
| 773 | 0 |
_tPlanta Daninha (Brazil) _xISSN 1806-9681 _g(2017), v. 35 p. 1-10 _wBR2022000978 |
|
| 856 | 4 | 0 | _uhttps://www.scielo.br/j/pd/a/bh8VRDq44z6qP9x7Lc9fGKt/?format=pdf lang=en |
| 909 |
_a202311 _bLúcia _c55 _dLúcia Elande |
||
| 942 |
_2AGRIS _n0 _cANA |
||
| 999 |
_c259724 _d259724 |
||